000
00329 a2200109 4500
001
ART_12684
005
20260410161908.0
008
260409a
245
1
0
_a
Welfare considerations of nonlinear pricing
100
1
_a
Roberts, Kevin
773
0
_t
The Economic Journal
_g
- Vol. 89, NÂș 353 (mar. 1979)
_w
REV12512
999
_c
26577
_d
26577